| 000 | 00616cam a2200205 a 4500 | ||
|---|---|---|---|
| 001 | 4748309 | ||
| 005 | 20240530015522.0 | ||
| 008 | 840919s1984 ii b 001 0 eng | ||
| 020 | _a0706925610 | ||
| 040 |
_aDLC _cDLC _dDLC |
||
| 082 |
_222 _a344 _bTHE |
||
| 100 | 1 | _aTiruchelvam, Neelan. | |
| 245 | 1 | 4 |
_aThe ideology of popular justice in Sri Lanka : _ba socio-legal inquiry / _cNeelan Tiruchelvam. |
| 260 |
_aNew Delhi : _bVikas Publishing house pvt Ltd _c1984. |
||
| 300 | _avi, 215 p. ; | ||
| 500 | _aIncludes index. | ||
| 650 | 0 | _aConciliation (Civil procedure) | |
| 650 | 0 | _aLaw and socialism. | |
| 942 | _cL | ||
| 999 |
_c5875 _d5875 |
||